| 000 | 00414nam a2200169Ia 4500 | ||
|---|---|---|---|
| 003 | GCL | ||
| 008 | 140319s9999 xx 000 0 eng d | ||
| 040 |
_aGCL / _cGCL |
||
| 082 | 0 | 4 |
_a860 _bA P |
| 100 | 1 | _aALBERTI, RAFAEL | |
| 245 | 1 | 0 |
_aPROSAS / _cALBERTI, RAFAEL |
| 260 |
_a[S.N] : _bA LIANZA EDITORIAL ، _c1980 |
||
| 300 | _a184 P | ||
| 650 | 0 | 4 | _aLITERATURE |
| 650 | 0 | 4 | _aFRENCH LITERATURE |
| 942 |
_2ddc _cBK |
||
| 999 |
_c23621 _d23621 |
||